000 01039nam a2200289Ia 4500
003 OSt
005 20221005110435.0
006 a|||||r|||| 00| 0
007 ta
008 221004b |||||||| |||| 00| 0 hin d
020 _a8170164443 (hbk)
_cIndian Rupees 125
024 _a39401
037 _bGift, 18/09/2018,
_cTextual
040 _aCRL
_cCRL
_bhin
041 _2hin
_ahin
082 _aO152,1N276w, N9
100 _aवर्मा, निर्मल, ले.
245 0 _aमेरे साक्षात्कार
246 _aMere sākṣhātkāra
260 _aनई दिल्ली
_bकिताबघर भारत
_c1999
300 _a168पृ0
_ccm.
490 _aमेरे साक्षात्कार सीरीज़
650 _a हिन्दी साहित्य
650 _aहिन्दी कविता
942 _hO152,1N276w, N9
_cTEXL
_2cc
999 _c1018821
_d1018821